| Tag |
First Indicator |
Second Indicator |
Subfields |
| LEADER |
00000cam a2200000Li 4500 |
| 001 |
in00003719321 |
| 006 |
m o d |
| 007 |
cr |n||||||||| |
| 008 |
150211s2014 enka ob 000 0 eng d |
| 005 |
20250816191233.1 |
| 020 |
|
|
|a 0191771929
|q (electronic bk.)
|
| 020 |
|
|
|a 9780191771927
|q (electronic bk.)
|
| 020 |
|
|
|z 0197265669
|q (pbk.)
|
| 020 |
|
|
|z 9780197265666
|q (pbk.)
|
| 024 |
8 |
|
|a 99968088118
|
| 035 |
|
|
|a (NhCcYBP)ybp12257866
|
| 035 |
|
|
|a 5187255
|
| 040 |
|
|
|a NhCcYBP
|c NhCcYBP
|d UtOrBLW
|
| 050 |
|
4 |
|a AS111
|b .B75 2014
|
| 082 |
0 |
4 |
|a 001.305
|2 23
|
| 245 |
0 |
0 |
|a British Academy lectures 2012-13 /
|c edited by Janet Carsten, Simon Frith.
|
| 264 |
|
1 |
|a Oxford :
|b Oxford University Press,
|c 2014.
|
| 300 |
|
|
|a 1 online resource.
|
| 336 |
|
|
|a text
|b txt
|2 rdacontent
|
| 337 |
|
|
|a computer
|b c
|2 rdamedia
|
| 338 |
|
|
|a online resource
|b cr
|2 rdacarrier
|
| 500 |
|
|
|a Electronic resource.
|
| 504 |
|
|
|a Includes bibliographical references.
|
| 588 |
0 |
|
|a Print version record.
|
| 610 |
2 |
0 |
|a British Academy
|v Periodicals.
|
| 650 |
|
0 |
|a Humanities
|v Periodicals.
|0 http://id.loc.gov/authorities/subjects/sh2008105922
|
| 650 |
|
0 |
|a Social sciences
|v Periodicals.
|0 http://id.loc.gov/authorities/subjects/sh2008111847
|
| 655 |
|
7 |
|a Electronic books.
|2 local
|
| 700 |
1 |
|
|a Carsten, Janet,
|e editor.
|0 http://id.loc.gov/authorities/names/n94067429
|
| 700 |
1 |
|
|a Frith, Simon,
|d 1946-
|e editor.
|0 http://id.loc.gov/authorities/names/n79023841
|
| 710 |
2 |
|
|a UPSO (University Press Scholarship Online)
|
| 776 |
1 |
8 |
|c Original
|z 9780197265666
|z 0197265669
|
| 856 |
4 |
0 |
|u http://proxy.library.tamu.edu/login?url=https://dx.doi.org/10.5871/bacad/9780197265666.001.0001
|z Connect to the full text of this electronic book
|t 0
|
| 955 |
|
|
|a YBP purchased firm e-records
|
| 980 |
|
|
|b 96.25
|g 1
|
| 999 |
f |
f |
|s df356a9a-3d10-3a81-a462-d878ce7d656a
|i cfdcb1e6-1d75-3ace-b6a3-eca963424d2b
|t 0
|
| 952 |
f |
f |
|a Texas A&M University
|b College Station
|c Electronic Resources
|d Available Online
|t 0
|e AS111 .B75 2014
|h Library of Congress classification
|
| 998 |
f |
f |
|a AS111 .B75 2014
|t 0
|l Available Online
|